000 00750cam a22002531a 4500
001 4799
003 BD-RjUL
005 20211208233946.0
008 131223s1963 enka 001 0 eng d
035 _a(BD-RjUL)4834
040 _aQU
_beng
_cQU
_dBD-RjUL
041 _aeng
082 0 4 _a368.102642
_bDOF 1963
100 1 _aDoublet, A. R.
_915130
245 1 0 _aFire insurance claims :
_blaw and practice /
_cA. R. Doublet.
260 _aLondon :
_bPitman,
_cc1963.
300 _a236p :
_bill ;
_c23cm.
504 _aIncludes bibliography and index.
650 0 _aFire insurance
_zGreat Britain.
_915132
650 0 _aInsurance law
_zGreat Britain.
_915133
942 _2ddc
_cBK
999 _c4799
_d4799